000 00676nam a2200289Ia 4500
005 20260324143300.0
008 008 260324s9999 xx 000 0 eng d
020 _a9780203138243
037 _aEBOOK
040 _aCRL
040 _beng
040 _cCRL
041 _2eng
041 _aeng
084 _qCRL
100 _aDavid Best
_91215078
245 4 _aThe Rationality of Feeling (RLE Edu K)
245 0 _bLearning From the Arts
260 _bTaylor and Francis
260 _c1992
365 _a
365 _b240
856 _uhttp://www.taylorfrancis.com/books/9780203138243
942 _cEBOOK
999 _c1820261
_d1820261